000 00319nam a22001457a 4500
008 210308b ||||| |||| 00| 0 eng d
020 _a0394323874
041 _aeng
080 _a330.722.6
082 _a330.722.6
100 _a61
101 _aKF
245 _aAccounting Principles
_cKiger, J.E
942 _2udc
_cBK
999 _c55987
_d55987